50 smallest country's of the world - Statistics

General Stats
  • This quiz has been taken 140 times
    71 since last reset
  • The average score is 39 of 50
Answer Stats
continent Answer % Correct
1 europe vatican city
98%
2 europe monaco
95%
5 europe san marino
95%
6 europe liechtenstein
93%
3 oceania nauru
90%
28 europe luxembourg
88%
10 europe malta
88%
4 oceania tuvalu
88%
13 north america barbados
86%
7 oceania marshall islands
86%
16 oceania palau
86%
25 africa sao tome and principe
86%
17 europe andorra
83%
32 asia brunei
83%
34 asia cyprus
83%
19 oceania micronesia
83%
8 north america saint kitts and nevis
83%
18 north america saint lucia
83%
12 north america saint vincent and the grenadines
83%
43 asia timor leste
83%
14 north america antigua and barbuda
81%
30 africa cape verde
81%
11 north america grenada
81%
9 asia maldives
81%
29 oceania samoa
81%
20 asia singapore
81%
40 oceania vanuatu
81%
24 asia bahrain
79%
23 north america dominica
79%
21 oceania kiribati
79%
15 africa seychelles
79%
27 africa comoros
76%
46 oceania fiji
76%
36 europe kosovo
76%
26 africa mauritius
76%
22 oceania tonga
76%
42 north america bahamas
74%
37 north america jamaica
74%
31 north america trinidad and tobago
74%
35 asia lebanon
69%
39 asia qatar
69%
49 asia israel
67%
41 europe montenegro
67%
45 asia kuwait
64%
50 north america belize
62%
48 north america el salvador
62%
44 africa eswatini
55%
38 africa gambia
52%
47 europe slovenia
45%
33 asia palestine
19%
No matching quizzes found
Score Distribution
Percent of People with Each Score
Percentile by Number Answered
Your Score History
You have not taken this quiz since the last reset